Biggest Cities in each Federal District of Russia on a Map - Statistics

General Stats
  • This quiz has been taken 925 times
  • The average score is 25 of 40
Answers on the Map
Answers color-coded by a green-red scale on the quiz's map according to % correct below.
 
Answer Stats
Federal District Population City % Correct
Central 12,455,682 Moscow
99%
Northwest 5,384,342 Saint Petersburg
98%
Far East 600,871 Vladivostok
90%
Ural 1,495,066 Yekaterinburg
86%
Siberia 1,620,162 Novosibirsk
85%
Volga 1,257,341 Kazan
84%
Volga 1,244,254 Nizhny Novgorod
84%
South 1,137,704 Rostov-on-Don
84%
South 1,004,763 Volgograd
84%
Siberia 1,139,897 Omsk
82%
Siberia 617,515 Irkutsk
77%
Volga 1,144,759 Samara
76%
Volga 1,125,933 Ufa
76%
Ural 1,187,960 Chelyabinsk
75%
Volga 1,049,199 Perm
75%
South 464,349 Sevastopol
75%
South 948,827 Krasnodar
74%
Northwest 493,256 Kaliningrad
73%
Northwest 344,927 Arkhangelsk
70%
Far East 330,615 Yakutsk
69%
Siberia 1,092,851 Krasnoyarsk
67%
North Caucasus 324,602 Grozny
64%
Central 1,050,602 Voronezh
63%
South 524,371 Astrakhan
59%
Far East 610,305 Khabarovsk
52%
Central 601,403 Yaroslavl
50%
Ural 816,700 Tyumen
49%
North Caucasus 604,266 Makhachkala
48%
Central 534,801 Ryazan
45%
North Caucasus 454,488 Stavropol
44%
Far East 437,514 Ulan-Ude
44%
Far East 350,861 Chita
38%
Northwest 308,530 Vologda
38%
North Caucasus 301,543 Vladikavkaz
37%
Siberia 631,124 Barnaul
34%
Ural 413,251 Magnitogorsk
32%
North Caucasus 239,054 Nalchik
27%
Ural 387,235 Surgut
24%
Northwest 312,091 Cherepovets
22%
Central 507,307 Balashikha
17%
No matching quizzes found
Score Distribution
Percent of People with Each Score
Percentile by Number Answered
Your Score History
You have not taken this quiz